| 000 | 00542nam a2200181Ia 4500 | ||
|---|---|---|---|
| 999 |
_c21275 _d21275 |
||
| 003 | OSt | ||
| 005 | 20210206103845.0 | ||
| 008 | 190216s9999||||xx |||||||||||||| ||und|| | ||
| 020 | _a9780140107814 | ||
| 040 | _coclc | ||
| 082 |
_a322.420954 _bCHA/I |
||
| 100 | 1 |
_aChandra, Bipan _9137 |
|
| 245 | 0 |
_aIndia`s Struggle For Independence / _cBipan Chandra & others |
|
| 260 |
_bPenguin Books, _c2001. _aNew Delhi : |
||
| 300 | _a600p | ||
| 650 | _aIndian History | ||
| 942 |
_cBK _2ddc _h322.420954 _iCHA/I _k322.420954 _mCHA/I |
||